00690nam a2200193Ia 4500003000900000008004100009020001800050040001600068080001900084245016800103260003600271300001400307650004100321650002600362650002900388700002600417700002500443700002800468IN-BaIIA211028s9999 xx 000 0 eng d a0-8243-0944-8 cIIA Library a(05)52bANN-44 0aAnnual review of astronomy and astrophysicsbvol. 44cedited by Roger Blandford, John Kormendey and Ewine Van Dishoeck  aPalo AltobAnnual Reviewsc2006 aix, 580p. aAstronomy and astrophysics thesaurus aAstronomy-Periodicals aAstrophysics-Periodicals aBlandford, Roger, ed. aKormendey, John, ed. aVan Dishoeck, Ewine ed.